000 00367nam a2200133Ia 4500
008 240624s9999 xx 000 0 und d
041 _aeng
082 _a658.8 GBA
100 _aGBADAMOSI AYANTUNJI
245 _aPRINCIPLES OF MARKETING A VALUE BASED AP
260 _c2013
_aNew York
_bPalgrave Macmillan
300 _axxvii, : 400 : p. : cm. ; 24
365 _cGBP
_b30
999 _c23494
_d23494